[Event "TCh-CHN 2018"]
[Site "China CHN"]
[Date "2018.11.28"]
[Round "20.6"]
[Board "2"]
[White "Zeng, Chongsheng"]
[Black "Harikrishna, Pentala"]
[Result "0-1"]
[WhiteTitle "GM"]
[BlackTitle "GM"]
[WhiteElo "2535"]
[BlackElo "2729"]
[WhiteTeam "Chongqing Team"]
[BlackTeam "China Mobil Shanghai Chess Club"]
[WhiteFideId "8603847"]
[BlackFideId "5007003"]
[EventDate "2018.04.11"]

1. e4 e5 2. Nf3 Nc6 3. Bc4 Nf6 4. Ng5 d5 5. exd5 Na5 6. Bb5+ c6 7. dxc6 bxc6 8.
Be2 h6 9. Nf3 e4 10. Ne5 Bd6 11. d4 exd3 12. Nxd3 O-O 13. O-O Qc7 14. h3 c5 15.
b3 c4 16. bxc4 Nxc4 17. Nd2 Nxd2 18. Bxd2 Bf5 19. Bf3 Rac8 20. Re1 Rfd8 21. a4
Qxc2 22. Nb4 Qb2 23. Nc6 Rxc6 24. Bxc6 Bb4 25. Qf3 Bxd2 26. Rf1 Qe5 27. Ra3 Bc2
28. Bb5 Be4 29. Qe2 Bb4 30. Rd3 Bd6 0-1

[Event "TCh-CHN 2018"]
[Site "China CHN"]
[Date "2018.11.28"]
[Round "20.6"]
[Board "3"]
[White "Zhou, Weiqi"]
[Black "Ni, Hua"]
[Result "1/2-1/2"]
[WhiteTitle "GM"]
[BlackTitle "GM"]
[WhiteElo "2597"]
[BlackElo "2683"]
[WhiteTeam "Chongqing Team"]
[BlackTeam "China Mobil Shanghai Chess Club"]
[WhiteFideId "8601674"]
[BlackFideId "8601160"]
[EventDate "2018.04.11"]

1. e4 c5 2. Nf3 Nc6 3. Nc3 g6 4. d4 cxd4 5. Nxd4 Bg7 6. Be3 Nf6 7. Be2 O-O 8.
O-O d5 9. exd5 Nxd5 10. Nxd5 Qxd5 11. Nxc6 Qxc6 12. c3 Bf5 13. Bf3 Be4 14. Bxe4
Qxe4 15. Qe2 Rfd8 16. Rad1 Bh6 17. g3 Bxe3 18. Qxe3 Qxe3 19. fxe3 Rac8 20. Kf2
f5 21. e4 Kf7 22. Ke2 Kf6 23. Rxd8 Rxd8 24. g4 e6 25. gxf5 exf5 26. exf5 gxf5
27. Rf4 Re8+ 28. Kf2 Rd8 29. Ke2 Re8+ 30. Kf2 Rd8 31. Ke2 Ke5 1/2-1/2

[Event "TCh-CHN 2018"]
[Site "China CHN"]
[Date "2018.11.28"]
[Round "20.6"]
[Board "4"]
[White "Ni, Shiqun"]
[Black "Lei, Tingjie"]
[Result "1/2-1/2"]
[WhiteTitle "WGM"]
[BlackTitle "GM"]
[WhiteElo "2436"]
[BlackElo "2457"]
[WhiteTeam "China Mobil Shanghai Chess Club"]
[BlackTeam "Chongqing Team"]
[WhiteFideId "8608466"]
[BlackFideId "8605114"]
[EventDate "2018.04.11"]

1. e4 e5 2. Nf3 Nc6 3. Bb5 Nf6 4. O-O Nxe4 5. Re1 Nd6 6. Nxe5 Be7 7. Bf1 Nxe5 8.
Rxe5 O-O 9. d4 Bf6 10. Re1 Nf5 11. d5 d6 12. Nd2 c6 13. Ne4 Be5 14. c3 Qb6 15.
a4 a5 16. Kh1 cxd5 17. Qxd5 Be6 18. Qb5 Qxb5 19. Bxb5 g6 20. Bg5 h6 21. Bf6 Bxf6
22. Nxf6+ Kg7 23. Nd7 Rfd8 24. Nb6 Rab8 25. b4 axb4 26. cxb4 d5 27. Bd3 Nd6 28.
Rac1 Nc4 29. Nxc4 dxc4 30. Bxc4 Bxc4 31. Rxc4 b5 32. axb5 Rxb5 33. g4 Rd2 34.
Kg2 Rb2 35. Ree4 g5 1/2-1/2

[Event "TCh-CHN 2018"]
[Site "China CHN"]
[Date "2018.11.28"]
[Round "20.6"]
[Board "5"]
[White "Ju, Wenjun"]
[Black "Tan, Zhongyi"]
[Result "1/2-1/2"]
[WhiteTitle "GM"]
[BlackTitle "GM"]
[WhiteElo "2568"]
[BlackElo "2513"]
[WhiteTeam "China Mobil Shanghai Chess Club"]
[BlackTeam "Chongqing Team"]
[WhiteFideId "8603006"]
[BlackFideId "8603642"]
[EventDate "2018.04.11"]

1. d4 Nf6 2. c4 e6 3. Nc3 Bb4 4. Qc2 O-O 5. a3 Bxc3+ 6. Qxc3 d5 7. Nf3 dxc4 8.
Qxc4 b6 9. Bg5 Ba6 10. Qa4 c5 11. dxc5 bxc5 12. h4 Bb7 13. Rd1 Bc6 14. Rxd8 Bxa4
15. Rxf8+ Kxf8 16. h5 Nbd7 17. Rh4 Bc6 18. h6 Rb8 19. hxg7+ Kxg7 20. Bc1 Ne4 21.
Nd2 f5 22. Nxe4 Bxe4 23. f3 Bc6 24. Rc4 Kg6 25. Rc3 Rb6 26. Kf2 Bb7 27. Rc2 Rd6
28. Be3 Rc6 29. Ke1 a5 30. Rc4 Rb6 31. Bxc5 Rxb2 32. Bd4 Rb1+ 33. Kf2 Bd5 34.
Ra4 Rd1 35. e3 e5 36. Bc3 Rc1 37. Rxa5 Bxf3 38. Bxe5 Nxe5 39. Rxe5 Be4 40. a4
Rc2+ 41. Kg3 Rc3 42. Kf4 Rc2 43. Kg3 Rc3 44. Kf2 Rc2+ 45. Kg1 Kf6 46. Rb5 Ra2
47. a5 Ra1 48. Rb6+ Kg5 49. Kf2 Rxa5 50. Rb2 h5 1/2-1/2

[Event "TCh-CHN 2018"]
[Site "China CHN"]
[Date "2018.11.29"]
[Round "21.1"]
[Board "1"]
[White "Andreikin, Dmitry"]
[Black "Liang, Jinrong"]
[Result "1-0"]
[WhiteTitle "GM"]
[BlackTitle "GM"]
[WhiteElo "2719"]
[BlackElo "2452"]
[WhiteTeam "Chongqing Team"]
[BlackTeam "Guangdong Ding Xin High Tech Team"]
[WhiteFideId "4158814"]
[BlackFideId "8600066"]
[EventDate "2018.04.11"]

1. e4 c5 2. Nf3 e6 3. d4 cxd4 4. Nxd4 a6 5. Bd3 Qc7 6. O-O Nf6 7. Qe2 d6 8. c4
Be7 9. b3 O-O 10. Bb2 Nbd7 11. Nc3 b6 12. f4 Bb7 13. Kh1 Rfe8 14. Rae1 Rad8 15.
Bb1 Bf8 16. Nf3 g6 17. Qf2 Qc5 18. Qh4 Qh5 19. Qg3 Qg4 20. Qf2 Qxf4 21. Bc1 Qg4
22. Ng5 Qh5 23. Bd3 Re7 24. Be2 Ng4 25. Bxg4 Qxg4 26. Nxf7 Rb8 27. Bg5 Rbe8 28.
Bxe7 Rxe7 29. Nxd6 Bc6 30. Nc8 Rg7 31. Nxb6 Bb4 32. Nxd7 Rxd7 33. Qb6 Rd2 34.
Rg1 Bxc3 35. Qxc6 Be5 36. Ref1 Kg7 37. Qc5 Bd6 38. Qa7+ Kg8 39. e5 1-0

[Event "TCh-CHN 2018"]
[Site "China CHN"]
[Date "2018.11.29"]
[Round "21.1"]
[Board "2"]
[White "Zhou, Weiqi"]
[Black "Li, Shilong"]
[Result "0-1"]
[WhiteTitle "GM"]
[BlackTitle "GM"]
[WhiteElo "2597"]
[BlackElo "2498"]
[WhiteTeam "Chongqing Team"]
[BlackTeam "Guangdong Ding Xin High Tech Team"]
[WhiteFideId "8601674"]
[BlackFideId "8600678"]
[EventDate "2018.04.11"]

1. Nf3 Nf6 2. c4 g6 3. g3 Bg7 4. Bg2 O-O 5. O-O d6 6. d4 Nbd7 7. Qc2 e5 8. Rd1
Re8 9. dxe5 dxe5 10. e4 Qe7 11. h3 a5 12. Be3 Nc5 13. Nc3 c6 14. Bxc5 Qxc5 15.
Na4 Qe7 16. c5 Be6 17. Nxe5 Bxh3 18. Nxc6 bxc6 19. Bxh3 h5 20. Nb6 Rab8 21. Re1
h4 22. e5 Nh5 23. Re4 hxg3 24. Rae1 Rbd8 25. Bg4 Qh4 26. f3 Rxe5 0-1

[Event "TCh-CHN 2018"]
[Site "China CHN"]
[Date "2018.11.29"]
[Round "21.1"]
[Board "3"]
[White "Liu, Yan"]
[Black "Xu, Yinglun"]
[Result "1/2-1/2"]
[WhiteTitle "IM"]
[BlackTitle "GM"]
[WhiteElo "2495"]
[BlackElo "2531"]
[WhiteTeam "Chongqing Team"]
[BlackTeam "Guangdong Ding Xin High Tech Team"]
[WhiteFideId "8608962"]
[BlackFideId "8604940"]
[EventDate "2018.04.11"]

1. d4 e6 2. Nf3 Nf6 3. c4 d5 4. Nc3 Be7 5. Bg5 h6 6. Bxf6 Bxf6 7. e3 O-O 8. Rc1
c6 9. Bd3 Nd7 10. O-O dxc4 11. Bxc4 e5 12. Bb3 exd4 13. exd4 Nb6 14. Ne5 Bf5 15.
Re1 Bxe5 16. Rxe5 Bg6 17. d5 Qf6 18. Qe2 Bd3 19. Qe3 c5 20. Re1 c4 21. Bd1 Nc8
22. Be2 Bxe2 23. Rxe2 Nd6 24. a4 b6 25. f4 Rac8 26. g3 Rfd8 27. Kg2 Qg6 28. Qf2
Rd7 29. Re7 Rcc7 30. R7e5 Rc8 31. Re7 Rcc7 32. R7e5 Rc8 1/2-1/2

[Event "TCh-CHN 2018"]
[Site "China CHN"]
[Date "2018.11.29"]
[Round "21.1"]
[Board "4"]
[White "Li, Xueyi"]
[Black "Lei, Tingjie"]
[Result "0-1"]
[BlackTitle "GM"]
[WhiteElo "2187"]
[BlackElo "2457"]
[WhiteTeam "Guangdong Ding Xin High Tech Team"]
[BlackTeam "Chongqing Team"]
[WhiteFideId "8605912"]
[BlackFideId "8605114"]
[EventDate "2018.04.11"]

1. d4 Nf6 2. c4 g6 3. g3 Bg7 4. Bg2 c5 5. d5 d6 6. Nc3 O-O 7. Nf3 e6 8. O-O exd5
9. cxd5 Re8 10. Bf4 h6 11. Qc1 g5 12. Bd2 Bf5 13. h4 g4 14. Nh2 h5 15. f3 gxf3
16. Rxf3 Bg6 17. Bg5 Nbd7 18. Qf1 Re5 19. Bf4 Re8 20. Bg5 Re5 21. Bf4 Ne4 22.
Nxe4 Rxe4 23. Bg5 Qe8 24. Re1 Bxb2 25. Rb3 Rb4 26. Rxb2 Rxb2 27. g4 Qe5 28. Bf4
Qf6 29. gxh5 Bxh5 30. Bh3 Ne5 31. Kh1 Ng6 32. Bg3 Qxf1+ 33. Rxf1 Bxe2 34. Rf2 c4
35. h5 Rb1+ 36. Kg2 Bxh5 37. Bg4 Bxg4 38. Nxg4 c3 39. Nf6+ Kg7 40. Kh3 Rh8+ 41.
Kg4 c2 0-1

[Event "TCh-CHN 2018"]
[Site "China CHN"]
[Date "2018.11.29"]
[Round "21.1"]
[Board "5"]
[White "Gong, Qianyun"]
[Black "Tan, Zhongyi"]
[Result "1/2-1/2"]
[WhiteTitle "WGM"]
[BlackTitle "GM"]
[WhiteElo "2312"]
[BlackElo "2513"]
[WhiteTeam "Guangdong Ding Xin High Tech Team"]
[BlackTeam "Chongqing Team"]
[WhiteFideId "8602425"]
[BlackFideId "8603642"]
[EventDate "2018.04.11"]

1. d4 d5 2. Bf4 Nf6 3. e3 e6 4. Nf3 c5 5. c3 Nc6 6. Nbd2 Bd6 7. Bg3 O-O 8. Bd3
b6 9. e4 Be7 10. e5 Nh5 11. a3 a5 12. Qe2 Bd7 13. Rd1 Rb8 14. Ng5 Bxg5 15. Qxh5
g6 16. Qe2 h5 17. Nf3 cxd4 18. cxd4 h4 19. Nxg5 Qxg5 20. f4 Nxd4 21. Qe3 Qg4 22.
Qxd4 hxg3 23. hxg3 Qxg3+ 24. Kf1 Rfd8 25. Rh3 Qg4 26. Be2 Qf5 27. Bd3 Qg4 28.
Be2 1/2-1/2

[Event "TCh-CHN 2018"]
[Site "China CHN"]
[Date "2018.11.29"]
[Round "21.2"]
[Board "1"]
[White "Harikrishna, Pentala"]
[Black "Zou, Chen"]
[Result "1-0"]
[WhiteTitle "GM"]
[BlackTitle "FM"]
[WhiteElo "2729"]
[BlackElo "2384"]
[WhiteTeam "China Mobil Shanghai Chess Club"]
[BlackTeam "Hangzhou Turbine Team"]
[WhiteFideId "5007003"]
[BlackFideId "8610959"]
[EventDate "2018.04.11"]

1. Nf3 Nf6 2. c4 e6 3. g3 d5 4. Bg2 Be7 5. O-O O-O 6. d4 dxc4 7. Qa4 a6 8. Qxc4
b5 9. Qc2 Bb7 10. Bd2 Be4 11. Qc1 Bb7 12. Bf4 Nd5 13. Nc3 Nxf4 14. Qxf4 Qd6 15.
Qe3 Nd7 16. Ne4 Qb6 17. Rac1 Rad8 18. Rc2 Bxe4 19. Qxe4 c5 20. dxc5 Nxc5 21. Qe3
Na4 22. Qxb6 Nxb6 23. Ne5 Rc8 24. Rfc1 Rxc2 25. Rxc2 Bf6 26. Nd3 Nc4 27. b3 Ne5
28. Nxe5 Bxe5 29. Rc6 b4 30. Rxa6 Rd8 31. Be4 g6 32. Bd3 Bb2 33. Rb6 Bc3 34. Ra6
Bb2 35. Kg2 Rc8 36. f4 Rc7 37. g4 Bd4 38. a4 bxa3 39. Rxa3 Ra7 40. Ba6 Bc5 41.
Ra4 Bd6 42. Kf3 h6 43. h4 Kg7 44. e4 Be7 45. h5 gxh5 46. gxh5 Bd6 47. e5 Bc7 48.
Ke4 f6 49. f5 exf5+ 50. Kxf5 Bxe5 51. Rg4+ Kh8 52. Be2 Ra2 53. Bc4 Kh7 54. Ke6
Rd2 55. Bd5 Rd4 56. Rg2 Kh8 57. Ra2 Rg4 58. Ke7 f5 59. Ke6 Bd4 60. Kxf5 Rg5+ 61.
Ke4 Bf6 62. Ra8+ Kg7 63. Ra7+ Kh8 64. Bf7 Re5+ 65. Kd3 Kg7 66. Be8+ Re7 67. Ra8
Rb7 68. Ba4 Bg5 69. Ra6 Kf8 70. Kc4 Bd2 71. Rd6 Bg5 72. Bb5 Ke7 73. Rg6 Kd8 74.
Rg8+ Kc7 75. b4 Kb6 76. Rg6+ Ka7 77. Bc6 Rf7 78. Bd5 Rf6 79. Rg7+ Kb8 80. b5 Be3
81. Kd3 Bg5 82. Bc6 Re6 83. Rg6 Re3+ 84. Kc4 Ka7 85. Bd5 Kb8 86. b6 Re8 87. Rg7
Bf4 88. Kb5 Rf8 89. Be6 Re8 90. Ka6 Rd8 91. Bg4 Ka8 92. Bf3+ 1-0

[Event "TCh-CHN 2018"]
[Site "China CHN"]
[Date "2018.11.29"]
[Round "21.2"]
[Board "2"]
[White "Lou, Yiping"]
[Black "Inarkiev, Ernesto"]
[Result "1/2-1/2"]
[WhiteTitle "IM"]
[BlackTitle "GM"]
[WhiteElo "2473"]
[BlackElo "2693"]
[WhiteTeam "China Mobil Shanghai Chess Club"]
[BlackTeam "Hangzhou Turbine Team"]
[WhiteFideId "8603928"]
[BlackFideId "4162722"]
[EventDate "2018.04.11"]

1. d4 Nf6 2. c4 e6 3. Nc3 Bb4 4. Qc2 d5 5. a3 Bxc3+ 6. Qxc3 Ne4 7. Qc2 c5 8.
dxc5 Nc6 9. e3 Qa5+ 10. Bd2 Qxc5 11. Nf3 O-O 12. Rc1 Nxd2 13. Qxd2 Rd8 14. cxd5
Qe7 15. Bd3 Rxd5 16. Qc2 h6 17. O-O Bd7 18. Bh7+ Kh8 19. Be4 Rd6 20. Rfd1 Rc8
21. Rxd6 Qxd6 22. Qd2 Qxd2 23. Nxd2 Kg8 24. f4 Kf8 25. Kf2 Ke7 26. Nb3 e5 27.
Rc3 Nd8 28. Rxc8 Bxc8 29. Bf3 Kd6 30. Nd2 Be6 31. Ne4+ Kd5 32. Nd2+ Kc5 33. fxe5
Nc6 34. Bxc6 bxc6 35. Ke2 Bc4+ 36. Kf3 Bd3 37. h4 Kd5 38. Kf4 g5+ 39. hxg5 hxg5+
40. Kxg5 Kxe5 41. b4 f6+ 42. Kh6 Kd5 43. Kg7 f5 44. Kf6 c5 45. bxc5 Kxc5 46. Ke5
a5 47. e4 fxe4 48. Nxe4+ Kc4 49. g4 Be2 50. g5 Bh5 51. Nd6+ Kb3 52. Ne4 Kc4 53.
Kf6 Kb3 54. Ng3 Be8 55. Nf5 Kxa3 56. Ng7 1/2-1/2

[Event "TCh-CHN 2018"]
[Site "China CHN"]
[Date "2018.11.29"]
[Round "21.2"]
[Board "3"]
[White "Ni, Hua"]
[Black "Xiang, Zeyu"]
[Result "1-0"]
[WhiteTitle "GM"]
[WhiteElo "2683"]
[BlackElo "2435"]
[WhiteTeam "China Mobil Shanghai Chess Club"]
[BlackTeam "Hangzhou Turbine Team"]
[WhiteFideId "8601160"]
[BlackFideId "8608547"]
[EventDate "2018.04.11"]

1. d4 d5 2. c4 e6 3. Nf3 Nf6 4. g3 Bb4+ 5. Bd2 Be7 6. Bg2 O-O 7. O-O c6 8. Qb3
b6 9. Nc3 Ba6 10. cxd5 cxd5 11. Ne5 Bb7 12. Rfc1 Nfd7 13. Nxd5 exd5 14. Bxd5
Bxd5 15. Qxd5 Nxe5 16. Qxa8 Qxd4 17. Bc3 Qc5 18. Qe4 Nbd7 19. Rd1 f5 20. Qd5+
Rf7 21. Qe6 Bf8 22. Rd5 Qe7 23. Qxe7 Rxe7 24. Rad1 Re6 25. Kf1 Re7 26. f4 Ng4
27. Rxd7 Ne3+ 28. Kf2 Nxd1+ 29. Rxd1 Kf7 30. Kf3 g6 31. h3 h5 32. e3 Bg7 33.
Bxg7 Kxg7 34. Rc1 Rd7 35. Ke2 Kf7 36. Rc6 Kg7 37. a4 Kh6 38. b4 Re7 39. Rc4 Rd7
40. b5 Kg7 41. Kf3 Re7 42. e4 fxe4+ 43. Rxe4 Rc7 44. g4 hxg4+ 45. hxg4 Kf6 46.
g5+ Kf7 47. Ke3 Rc3+ 48. Kd4 Rc5 49. Kd3 Rf5 50. Rc4 Rd5+ 51. Rd4 Rf5 52. Ke4
Rc5 53. Rd7+ Ke6 54. Rxa7 Rc1 55. Rg7 Re1+ 56. Kf3 Rf1+ 57. Kg3 Kf5 58. Rf7+ Ke4
59. Re7+ Kd5 60. Rg7 Ke4 61. Rxg6 Rf3+ 62. Kg4 Rxf4+ 63. Kh5 Ke5 64. Rxb6 Rxa4
65. Rf6 Kd5 1-0

[Event "TCh-CHN 2018"]
[Site "China CHN"]
[Date "2018.11.29"]
[Round "21.2"]
[Board "4"]
[White "Zhou, Zirun"]
[Black "Wang, Pin"]
[Result "1/2-1/2"]
[BlackTitle "WGM"]
[WhiteElo "2152"]
[BlackElo "2394"]
[WhiteTeam "Hangzhou Turbine Team"]
[BlackTeam "China Mobil Shanghai Chess Club"]
[WhiteFideId "8610975"]
[BlackFideId "8600406"]
[EventDate "2018.04.11"]

1. d4 d6 2. c4 e5 3. Nc3 exd4 4. Qxd4 Nc6 5. Qd2 Nf6 6. b3 a5 7. Bb2 a4 8. Nd5
Be7 9. Nf3 a3 10. Bc3 Ne4 11. Qc2 Nxc3 12. Qxc3 O-O 13. e3 Bf6 14. Nxf6+ Qxf6
15. Qxf6 gxf6 16. Nd4 Nb4 17. Kd2 Rd8 18. Nc2 Nxc2 19. Kxc2 d5 20. Rd1 Bf5+ 21.
Bd3 Be6 22. Kc3 c5 23. Be2 Kf8 24. Rd2 Ke7 25. Rhd1 dxc4 26. Bxc4 Rxd2 27. Rxd2
Bd7 28. b4 cxb4+ 29. Kxb4 Bc6 30. f3 Ra4+ 31. Kb3 Ra5 32. e4 h6 33. Bd5 Be8 34.
Rd4 b5 35. Rd2 Ra7 36. Rc2 Bd7 37. g4 Kd6 38. Bxf7 Bxg4 39. fxg4 Rxf7 40. Kxa3
Re7 41. Rf2 Rxe4 42. Rxf6+ Kc5 43. Rxh6 Rxg4 44. Rh5+ Kc4 45. Rh8 Rg2 46. Rc8+
Kd5 47. Rh8 Kc4 48. Rh4+ Kc3 49. Rh3+ Kc4 50. Rh4+ Kc3 51. Rh3+ Kc4 52. Rh4+ 1/2-1/2

[Event "TCh-CHN 2018"]
[Site "China CHN"]
[Date "2018.11.29"]
[Round "21.2"]
[Board "5"]
[White "Zhao, Shengxin"]
[Black "Ni, Shiqun"]
[Result "1/2-1/2"]
[WhiteTitle "WFM"]
[BlackTitle "WGM"]
[WhiteElo "2133"]
[BlackElo "2436"]
[WhiteTeam "Hangzhou Turbine Team"]
[BlackTeam "China Mobil Shanghai Chess Club"]
[WhiteFideId "8608040"]
[BlackFideId "8608466"]
[EventDate "2018.04.11"]

1. d4 d5 2. Bf4 Nf6 3. e3 c5 4. c3 Nc6 5. Nd2 Bf5 6. Ngf3 Qb6 7. Qb3 c4 8. Qxb6
axb6 9. a3 h6 10. h3 e6 11. g4 Bh7 12. Bg2 b5 13. O-O Be7 14. Ne5 O-O 15. Bg3
Rfd8 16. Rfe1 Nxe5 17. Bxe5 Nd7 18. Bg3 Nf6 19. Rac1 Rac8 20. f3 Nd7 21. f4 Nb6
22. Re2 Na4 23. Nf3 Bd6 24. Kh2 Ra8 25. Ra1 f6 26. Rf2 Bc7 27. Rd2 Kf7 28. Rf2
Ke7 29. Rd2 Kd7 30. Ng1 Kc6 31. Ne2 Rd7 32. Rf1 Re8 33. Rfd1 Bd3 34. Nc1 Bg6 35.
Bf3 Rh8 36. h4 h5 37. g5 Bf5 38. Re1 Be4 39. Bxe4 dxe4 40. Ne2 f5 41. Kg2 Nb6
42. Kf2 Nd5 43. Red1 g6 44. Bh2 Ra8 45. Rc1 Bd6 46. Bg3 Rdd8 47. Rb1 Ra4 48. Rc2
Rda8 49. Bh2 Ne7 50. Nc1 Kd5 51. Bg3 Nc6 52. Ke2 Na5 53. Be1 Nb3 54. Kd1 Nxc1
55. Kxc1 Kc6 56. Bd2 R4a7 57. Be1 Bc7 58. Bg3 Bb6 59. Kd2 Rd8 1/2-1/2

[Event "TCh-CHN 2018"]
[Site "China CHN"]
[Date "2018.11.29"]
[Round "21.3"]
[Board "2"]
[White "Wen, Yang"]
[Black "Zhou, Jianchao"]
[Result "1-0"]
[WhiteTitle "GM"]
[BlackTitle "GM"]
[WhiteElo "2604"]
[BlackElo "2617"]
[WhiteTeam "Shandong Jingzhi Team"]
[BlackTeam "Shenzhen Longgang Chess association"]
[WhiteFideId "8602956"]
[BlackFideId "8603537"]
[EventDate "2018.04.11"]

1. e4 c5 2. Nf3 d6 3. d4 cxd4 4. Nxd4 Nf6 5. Nc3 a6 6. g3 e6 7. Bg2 Bd7 8. g4 h6
9. h4 g6 10. g5 hxg5 11. hxg5 Rxh1+ 12. Bxh1 Nh5 13. Bf3 Bg7 14. Be3 Nc6 15. Nb3
Bxc3+ 16. bxc3 Qc7 17. Bxh5 gxh5 18. Qxh5 O-O-O 19. O-O-O Be8 20. Qh3 Bd7 21.
Qg3 e5 22. g6 fxg6 23. Qxg6 Be8 24. Qe6+ Bd7 25. Qxd6 Qxd6 26. Rxd6 Bg4 27. Rf6 1-0

[Event "TCh-CHN 2018"]
[Site "China CHN"]
[Date "2018.11.29"]
[Round "21.3"]
[Board "3"]
[White "Bu, Xiangzhi"]
[Black "Liu, Qingnan"]
[Result "1/2-1/2"]
[WhiteTitle "GM"]
[BlackTitle "GM"]
[WhiteElo "2726"]
[BlackElo "2538"]
[WhiteTeam "Shandong Jingzhi Team"]
[BlackTeam "Shenzhen Longgang Chess association"]
[WhiteFideId "8601445"]
[BlackFideId "8603294"]
[EventDate "2018.04.11"]

1. Nf3 d5 2. d4 Nf6 3. c4 e6 4. Nc3 Be7 5. Bg5 h6 6. Bxf6 Bxf6 7. e3 c6 8. Be2
Nd7 9. O-O O-O 10. Qb3 dxc4 11. Bxc4 e5 12. d5 b5 13. Be2 Nc5 14. Qa3 Na6 15.
Qb3 Nc5 16. Qc2 b4 17. Nb5 e4 18. Nfd4 Bxd4 19. Nxd4 Qxd5 20. Rfd1 Bb7 21. Nb5
Qe5 22. Nd6 Rad8 23. Nxb7 Nxb7 24. Qxc6 Qxb2 25. Bf1 Rb8 26. Rab1 Qxa2 27. Rxb4
Rfc8 28. Qxe4 Nc5 29. Qf5 Qe6 30. Qxe6 Nxe6 31. Ra4 Rc7 32. Rda1 Rbb7 33. g3 Nc5
34. R4a3 Nb3 35. Rd1 Kf8 36. Bg2 Rb6 37. Bd5 Nc5 38. Rc1 Rb8 39. Kg2 Rd8 40. e4
Ke7 41. Ra5 Rdc8 42. Rc3 Kd6 43. g4 f6 44. h4 g5 45. hxg5 hxg5 46. Rf3 Ke7 47.
Rh3 Kd6 48. Raa3 Re8 49. Rh6 Nd7 50. Rh7 Rb8 51. Rd3 Ne5 52. Rxc7 Nxd3 53. Rxa7
Nf4+ 54. Kf3 Rc8 55. Ke3 Rc3+ 56. Kd2 Rf3 57. Ke1 Rd3 58. Ra6+ Ke5 59. Ra5 Nxd5
60. exd5 Rxd5 61. Rxd5+ Kxd5 1/2-1/2

[Event "TCh-CHN 2018"]
[Site "China CHN"]
[Date "2018.11.29"]
[Round "21.3"]
[Board "4"]
[White "Ushenina, Anna"]
[Black "Ning, Kaiyu"]
[Result "1-0"]
[WhiteTitle "GM"]
[WhiteElo "2440"]
[BlackElo "2217"]
[WhiteTeam "Shenzhen Longgang Chess association"]
[BlackTeam "Shandong Jingzhi Team"]
[WhiteFideId "14110911"]
[BlackFideId "8614750"]
[EventDate "2018.04.11"]

1. d4 d5 2. c4 e6 3. Nf3 Nf6 4. g3 dxc4 5. Bg2 Nc6 6. O-O Rb8 7. e3 b5 8. b3
cxb3 9. axb3 Be7 10. Qe2 O-O 11. Bd2 Bb7 12. Rc1 Qc8 13. Ne1 Nd5 14. Nd3 a6 15.
Be1 Rd8 16. Nd2 Ndb4 17. Nc5 Bxc5 18. Rxc5 Ne7 19. Ne4 Nbd5 20. Rac1 Rd7 21.
R5c2 Ba8 22. h4 Nb6 23. Ra1 Rd8 24. Qh5 Bxe4 25. Bxe4 f5 26. Bg2 Nbd5 27. Qe2
Rb6 28. f3 Rc6 29. e4 Rxc2 30. Qxc2 Ne3 31. Qc5 Nxg2 32. Kxg2 Rd7 33. Rc1 fxe4
34. fxe4 Qb7 35. Qe5 Rd6 36. d5 Ng6 37. Qg5 exd5 38. e5 d4+ 39. Kh2 Rd5 40. Bb4
Nxe5 41. Qe7 Nf3+ 42. Kg2 Nxh4+ 43. Kg1 Nf3+ 44. Kf2 Qa8 45. Rxc7 Rg5 46. Qe6+ 1-0

[Event "TCh-CHN 2018"]
[Site "China CHN"]
[Date "2018.11.29"]
[Round "21.3"]
[Board "5"]
[White "Zhang, Xiaowen"]
[Black "Huang, Qian"]
[Result "1/2-1/2"]
[WhiteTitle "WGM"]
[BlackTitle "WGM"]
[WhiteElo "2318"]
[BlackElo "2444"]
[WhiteTeam "Shenzhen Longgang Chess association"]
[BlackTeam "Shandong Jingzhi Team"]
[WhiteFideId "8603219"]
[BlackFideId "8602689"]
[EventDate "2018.04.11"]

1. e4 c5 2. Nf3 d6 3. d4 cxd4 4. Qxd4 Nc6 5. Qe3 Nf6 6. Be2 g6 7. O-O Bg7 8. h3
O-O 9. Rd1 Nd7 10. Nc3 b6 11. b3 Bb7 12. Bb2 Rc8 13. a3 a6 14. Rab1 b5 15. Nd5
Bxb2 16. Rxb2 Nce5 17. Nxe5 Nxe5 18. Qd4 Nd7 19. c4 bxc4 20. Bxc4 Bxd5 21. Bxd5
Qb6 22. Bc4 Qxd4 23. Rxd4 a5 24. b4 axb4 25. axb4 Nb6 26. Be2 Rc1+ 27. Rd1 Rxd1+
28. Bxd1 Ra8 29. Be2 Ra1+ 30. Kh2 Kg7 31. Kg3 1/2-1/2

[Event "TCh-CHN 2018"]
[Site "China CHN"]
[Date "2018.11.29"]
[Round "21.4"]
[Board "1"]
[White "Xu, Xiangyu"]
[Black "Li, Chao b"]
[Result "1/2-1/2"]
[WhiteTitle "GM"]
[BlackTitle "GM"]
[WhiteElo "2565"]
[BlackElo "2703"]
[WhiteTeam "Chengdu Beilei Youth Chess Club"]
[BlackTeam "Beijing Beiao team"]
[WhiteFideId "8608288"]
[BlackFideId "8604436"]
[EventDate "2018.04.11"]

1. d4 Nf6 2. c4 g6 3. g3 c6 4. Bg2 d5 5. cxd5 cxd5 6. Nf3 Bg7 7. Nc3 Ne4 8. Qb3
Nxc3 9. bxc3 O-O 10. Ne5 Nc6 11. Bxd5 Nxe5 12. dxe5 Bxe5 13. Bh6 Qb6 14. Bxf8
Qxb3 15. axb3 Bxc3+ 16. Kd1 Bxa1 17. Bxe7 Be6 18. Bxe6 fxe6 19. Kd2 Kf7 20. Rxa1
Kxe7 21. Kd3 Rd8+ 22. Ke4 a6 23. Rc1 Rd2 24. Rc7+ Rd7 25. Rc8 Rd8 26. Rc7+ Rd7
27. Rc8 Rd8 28. Rc7+ Rd7 1/2-1/2

[Event "TCh-CHN 2018"]
[Site "China CHN"]
[Date "2018.11.29"]
[Round "21.4"]
[Board "2"]
[White "Li, Di"]
[Black "Yu, Yangyi"]
[Result "0-1"]
[WhiteTitle "IM"]
[BlackTitle "GM"]
[WhiteElo "2487"]
[BlackElo "2764"]
[WhiteTeam "Chengdu Beilei Youth Chess Club"]
[BlackTeam "Beijing Beiao team"]
[WhiteFideId "8607508"]
[BlackFideId "8603820"]
[EventDate "2018.04.11"]

1. d4 Nf6 2. c4 e6 3. g3 Bb4+ 4. Bd2 Be7 5. Bg2 d5 6. Nf3 O-O 7. O-O c6 8. Qc2
b6 9. b4 Ne4 10. Rc1 Ba6 11. Na3 Nxd2 12. Qxd2 Nd7 13. e3 Bb7 14. Qb2 a5 15. b5
c5 16. cxd5 exd5 17. Nb1 c4 18. Nc3 Rc8 19. Na4 Nf6 20. Ne5 Ba8 21. Bh3 Rb8 22.
Nc3 Bb4 23. a3 Bxc3 24. Qxc3 Rb7 25. Bg2 Rc7 26. a4 Re8 27. Qa3 h5 28. h3 Bb7
29. Ra2 Nd7 30. Nf3 Nf8 31. Nd2 Bc8 32. Nb1 Nh7 33. Nc3 Nf6 34. Re1 Rce7 35. Kf1
Bf5 36. Ke2 Qd7 37. Rh1 Bg6 38. Kd1 Qf5 39. Re1 Ne4 40. Bxe4 Rxe4 41. Nxe4 Qxe4
42. Rb2 Bf5 43. Qc3 Bxh3 44. Qc2 Bg4+ 45. Kc1 Qf3 46. Qc3 Bf5 47. Rd2 Be4 48.
Kb2 Re6 49. Qa3 g6 50. Kc3 Kg7 51. Qa1 g5 52. Rg1 Rf6 53. Qa3 Re6 54. Kb2 Bg6
55. Ka1 Rf6 56. Kb2 Qe4 57. Re1 h4 58. gxh4 gxh4 59. Qa1 Rf3 60. Qa3 Qf5 61. Rf1
h3 62. Qe7 h2 63. Kc3 Rh3 64. Rh1 Qe4 65. Qe5+ Qxe5 66. dxe5 Be4 67. f3 Rxf3 68.
Kd4 Rg3 69. Rhxh2 Rg1 70. Rh4 Ra1 71. Rg4+ Kf8 72. e6 Bf5 73. Rh4 Bxe6 74. Rh8+
Ke7 75. Rb8 Rxa4 76. Rxb6 Rb4 77. Kc5 c3 78. Rb7+ Kf6 79. Rc2 Rc4+ 80. Kd6 d4
81. exd4 Rxd4+ 82. Kc5 Rc4+ 83. Kd6 Bf5 84. Rc1 c2 85. b6 Rb4 86. Kc5 Rb1 87.
Rxc2 Bxc2 88. Ra7 a4 0-1